000 00534nam a2200181Ia 4500
005 20250326141632.0
008 250326s9999 xx 000 0 und d
037 _aTextbook
040 _aFMSL
_beng
_cFMSL
041 _aeng
_2eng
084 _aX:8Dy7 M9
_qFMSL
100 _aIndia Govt OF ................
245 0 _aRural labour Enquiry 1977-78
_cIndia Govt OF ................
260 _aNew Delhi
_bNew Delhi, Govt of India
_c1988
300 _a400p
942 _cTB
_hX:8Dy7 M9
999 _c1291242
_d1291242